000 00552nam a2200229Ia 4500
003 OSt
005 20221005122319.0
006 a|||||r|||| 00| 0
007 ta
008 221004b |||||||| |||| 00| 0 kan d
024 _a59260
037 _cTextual
040 _aCRL
_cCRL
_bkan
041 _2kan
_akan
082 _aB9, 33J2
100 _aNarasinhayya
_9631791
245 0 _aJajaguttugala huhu savu
260 _c1952
650 _aMATHEMATICS
942 _hB9, 33J2
_cTEXL
_2cc
999 _c1043909
_d1043909